5HLuxD.jpg

KING HENRY VIII SENIOR AND PRIMARY SCHOOL LIBRARY OPAC

Easy Spanish / (Record no. 270)

000 -LEADER
fixed length control field 01484pam a2200421 i 4500
001 - CONTROL NUMBER
control field 019397777
003 - CONTROL NUMBER IDENTIFIER
control field UkOxU
005 - DATE AND TIME OF LATEST TRANSACTION
control field 20190805091101.0
008 - FIXED-LENGTH DATA ELEMENTS--GENERAL INFORMATION
fixed length control field 120322s2012 enkab j 001 0 eng|d
015 ## - NATIONAL BIBLIOGRAPHY NUMBER
National bibliography number GBB231537
Source bnb
020 ## - INTERNATIONAL STANDARD BOOK NUMBER
International Standard Book Number 9781409551225 (paperback) :
020 ## - INTERNATIONAL STANDARD BOOK NUMBER
International Standard Book Number 1409551229 (paperback) :
035 ## - SYSTEM CONTROL NUMBER
System control number (Uk)016057931
040 ## - CATALOGING SOURCE
Original cataloging agency StDuBDS
Language of cataloging eng
Description conventions rda
Transcribing agency StDuBDS
Modifying agency Uk
041 0# - LANGUAGE CODE
Language code of text/sound track or separate title eng
-- spa
042 ## - AUTHENTICATION CODE
Authentication code ukblsr
082 04 - DEWEY DECIMAL CLASSIFICATION NUMBER
Classification number 468.242 DEN
Edition number 23
100 1# - MAIN ENTRY--PERSONAL NAME
Personal name Denne, Ben,
Relator term author.
245 10 - TITLE STATEMENT
Title Easy Spanish /
Statement of responsibility, etc. Ben Denne and Nicole Irving ; designed by Katarina Dragoslavić ; illustrated by Ann Johns ; edited by Jane Chisholm ; language consultant: Ester Martí Marqués.
250 ## - EDITION STATEMENT
Edition statement [New edition].
264 #1 - PRODUCTION, PUBLICATION, DISTRIBUTION, MANUFACTURE, AND COPYRIGHT NOTICE
Place of production, publication, distribution, manufacture London EC1N 8RT, England :
Name of producer, publisher, distributor, manufacturer Usborne Publishing Ltd,
Date of production, publication, distribution, manufacture, or copyright notice 2012.
300 ## - PHYSICAL DESCRIPTION
Extent 128 pages :
Other physical details illustrations (colour), 1 map (colour) ;
Dimensions 21 cm
336 ## - CONTENT TYPE
Content type term text
Source rdacontent
337 ## - MEDIA TYPE
Media type term unmediated
Source rdamedia
338 ## - CARRIER TYPE
Carrier type term volume
Source rdacarrier
490 ## - SERIES STATEMENT
Series statement Usborne
500 ## - GENERAL NOTE
General note Includes index.
500 ## - GENERAL NOTE
General note Publisher's no.: JFM MJJASOND/12.
500 ## - GENERAL NOTE
General note "With Internet links"--Cover.
500 ## - GENERAL NOTE
General note Formerly CIP.
Institution to which field applies Uk
650 #0 - SUBJECT ADDED ENTRY--TOPICAL TERM
Topical term or geographic name entry element Spanish language
Form subdivision Textbooks for foreign speakers
General subdivision English.
650 #0 - SUBJECT ADDED ENTRY--TOPICAL TERM
Topical term or geographic name entry element Spanish language
General subdivision Grammar
Form subdivision Juvenile literature.
700 1# - ADDED ENTRY--PERSONAL NAME
Personal name Irving, Nicole,
Relator term author.
700 1# - ADDED ENTRY--PERSONAL NAME
Personal name Johns, Ann,
Relator term illustrator.
700 1# - ADDED ENTRY--PERSONAL NAME
Personal name Chisholm, Jane
Relator term editor.
942 ## - ADDED ENTRY ELEMENTS (KOHA)
Source of classification or shelving scheme
Koha item type Books - Non Ficton
Holdings
Withdrawn status Lost status Source of classification or shelving scheme Damaged status Not for loan Collection code Permanent Location Current Location Shelving location Date acquired Full call number Barcode Date last seen Price effective from Koha item type
          Non-Fiction KH8 Senior School Library KH8 Senior School Library Non Fiction 2019-08-05 468.242 DEN 3KHSL000100099 2019-08-05 2019-08-05 Books - Non Ficton
          Teaching Resources KH8 Senior School Library KH8 Senior School Library Staff Office 2024-10-31 468.242 DEN TRKHSL006113 2024-10-31 2024-10-31 Teaching Resources

Powered By KH8 IT Dept